| 000 | 00457nam a2200181Ia 4500 | ||
|---|---|---|---|
| 001 | 4574 | ||
| 005 | 20260306145806.0 | ||
| 008 | 260306t2022||||xx |||||||||||||| ||spa|| | ||
| 041 | _aESP | ||
| 082 |
_a324.985 _bT89E |
||
| 100 |
_aTuesta Soldevilla, Fernando _eAUT |
||
| 245 | 0 |
_aElecciones 2021: _bpandemia, crisis y representación |
|
| 260 | _c2022 | ||
| 300 |
_a418 páginas : _c20 cm. |
||
| 650 | _aGEN | ||
| 654 | _aCDE | ||
| 942 |
_cLIB _dJUS _fJUS _2ddc _n |
||
| 999 |
_c4574 _d4574 |
||